Normal view
MARC view
- Sanders, Keith R.
Entry Personal Name
001 - CONTROL NUMBER
- control field: 3307
003 - CONTROL NUMBER IDENTIFIER
- control field: OSt
005 - DATE AND TIME OF LATEST TRANSACTION
- control field: 20170511104532.0
008 - FIXED-LENGTH DATA ELEMENTS
- fixed length control field: 170511|| aca||aabn | a|a d
040 ## - CATALOGING SOURCE
- Original cataloging agency: OSt
- Transcribing agency: OSt
100 ## - HEADING--PERSONAL NAME
- Personal name: Sanders, Keith R.
670 ## - SOURCE DATA FOUND
- Source citation: Work cat.: (OSt): Handbook of political communication, c1981

PORTAL AKMAL
E-MEL JKDM
AKMAL2U
G-BAM
u-PUSTAKA